[Event "AUTO-OPEN-4607"]
[Site "http://www.queenalice.com/game.php?id=1872189"]
[Date "2026.4.18"]
[Round "3"]
[White "WoodpusherKid"]
[Black "attachui"]
[Result "1-0"]
[WhiteElo "2710"]
[BlackElo "2062"]

1. c4 Nf6 2. d4 g6 3. Nc3 Bg7 4. e4 d6 5. Nf3 O-O 6. Be2 e5 7. d5 Ne8 8. a3 f5
9. Bg5 Qd7 10. exf5 Qxf5 11. Be3 c5 12. Ng5 h6 13. Bd3 Qg4 14. Qxg4 Bxg4 15. Ne6
Bxe6 16. dxe6 Nc6 17. Bxg6 Nd4 18. Bf7+ Kh7 19. O-O-O Nc7 20. Ne4 Ncxe6 21. Bxe6
Nxe6 22. Nxd6 b6 23. g4 Nd4 24. h4 Rad8 25. Ne4 1-0

[Event "AUTO-MASTER-3304"]
[Site "http://www.queenalice.com/game.php?id=1872700"]
[Date "2026.4.30"]
[Round "1"]
[White "attachui"]
[Black "JailtonMaster"]
[Result "0-1"]
[WhiteElo "2073"]
[BlackElo "2202"]

1. d4 Nf6 2. c4 e5 3. dxe5 Ng4 4. Bf4 Bb4+ 5. Nc3 Qe7 6. Nf3 Nc6 7. Qd5 d6 8.
exd6 cxd6 9. a3 Bxc3+ 10. bxc3 Qf6 11. Qe4+ Be6 12. Rc1 O-O-O 13. Bg5 Qg6 14.
Qxg6 hxg6 15. Bxd8 Rxd8 16. e3 Na5 17. h3 Nf6 18. Nd2 Nd7 19. Ne4 Ne5 20. c5 d5
21. Nd6+ Kb8 22. f4 Nec4 23. Bxc4 Nxc4 24. Nxc4 dxc4 0-1

[Event "AUTO-OPEN-4650"]
[Site "http://www.queenalice.com/game.php?id=1872810"]
[Date "2026.5.2"]
[Round "1"]
[White "oniwa"]
[Black "attachui"]
[Result "0-1"]
[WhiteElo "1999"]
[BlackElo "2060"]

1. e4 c5 2. Nf3 d6 3. Bb5+ Bd7 4. Bc4 a6 5. d4 b5 6. Be2 g6 7. b3 Bg7 8. O-O Nc6
9. Be3 cxd4 10. Nxd4 Nf6 11. c3 Nxe4 12. Bf3 f5 13. Nd2 Nxc3 14. Qc2 Rc8 15.
Bxc6 Bxd4 16. Bxd4 Ne2+ 17. Kh1 Bxc6 18. Qd3 Bxg2+ 0-1

[Event "AUTO-OPEN-4652"]
[Site "http://www.queenalice.com/game.php?id=1873459"]
[Date "2026.5.15"]
[Round "1"]
[White "game"]
[Black "attachui"]
[Result "0-1"]
[WhiteElo "1699"]
[BlackElo "2087"]

1. e4 c5 2. Nf3 d6 3. Bc4 e6 4. d4 cxd4 5. Nxd4 a6 6. Nf3 b5 7. Be2 Bb7 8. Bd3
Nd7 9. O-O Nc5 10. Ng5 h6 11. Nf3 Nxe4 12. Nc3 Nxc3 13. bxc3 Rc8 14. a4 Bc6 15.
Re1 Be7 16. axb5 axb5 17. Nd4 Nf6 18. Nxb5 O-O 19. c4 d5 20. Na7 Rc7 21. Bf4 Bd6
22. Be3 Bd7 23. Bb6 Bc5 24. Bxc7 Qxc7 25. Nb5 Qb6 26. Re2 dxc4 27. Bxc4 Bxb5 28.
Rb1 Bxf2+ 29. Rxf2 Ne4 30. Qe2 Nxf2 31. Rxb5 Nh3+ 32. Kf1 Qg1# 0-1

[Event "AUTO-OPEN-4652"]
[Site "http://www.queenalice.com/game.php?id=1873460"]
[Date "2026.5.15"]
[Round "1"]
[White "attachui"]
[Black "game"]
[Result "1-0"]
[WhiteElo "2089"]
[BlackElo "1697"]

1. d4 d5 2. c4 dxc4 3. e4 b5 4. a4 e5 5. d5 Nf6 6. f3 Bc5 7. axb5 O-O 8. Bxc4
Nfd7 9. Nd2 Nb6 10. Bd3 Bb4 11. Qb3 a5 12. bxa6 Qg5 13. g3 Bc5 14. Nc4 Qe7 15.
a7 N8d7 16. Na5 Bb7 17. Nxb7 Bd4 18. Ne2 Nc5 19. Nxc5 Bxc5 20. Bb5 Bd4 21. Bc6
Rac8 22. Nxd4 exd4 23. O-O f5 24. d6+ Qf7 25. Qxf7+ Rxf7 26. a8=Q Nxa8 27. d7
Rd8 28. Bg5 Rdxd7 29. Rxa8+ Rf8 30. Rxf8+ Kxf8 31. Bxd7 Kf7 32. Bxf5 g6 33. Bc8
1-0

[Event "AUTO-ELITE-2622"]
[Site "http://www.queenalice.com/game.php?id=1873712"]
[Date "2026.5.21"]
[Round "1"]
[White "attachui"]
[Black "Sexxy_Bunny"]
[Result "0-1"]
[WhiteElo "2089"]
[BlackElo "2666"]

1. d4 Nf6 2. c4 e6 3. Nc3 Bb4 4. Qc2 O-O 5. Bg5 c5 6. e3 h6 7. Bh4 cxd4 8. exd4
Nc6 9. Nf3 d5 10. c5 g5 11. Bg3 Ne4 12. Bd3 f5 13. Be5 g4 14. Nd2 Nxe5 15. Bxe4
Nc6 16. Bd3 Nxd4 17. Qa4 Bxc5 18. b4 Bd7 19. Qa3 Bd6 20. O-O a5 21. Nxd5 exd5
22. Qc3 Qf6 23. Kh1 axb4 0-1

[Event "AUTO-MASTER-3306"]
[Site "http://www.queenalice.com/game.php?id=1873744"]
[Date "2026.5.21"]
[Round "1"]
[White "chessman"]
[Black "attachui"]
[Result "0-1"]
[WhiteElo "2190"]
[BlackElo "2110"]

1. e4 c5 2. Nf3 d6 3. Bb5+ Nc6 4. O-O Bd7 5. Re1 a6 6. Bxc6 Bxc6 7. c3 g6 8. d4
cxd4 9. cxd4 Bg7 10. Nc3 e5 11. d5 Bd7 12. h3 f5 13. Bg5 Bf6 14. Bxf6 Nxf6 15.
Ng5 b5 16. f4 Nh5 17. exf5 Nxf4 18. Ne6 Qb6+ 19. Kh2 Qf2 20. Nxf4 Qxf4+ 21. Kh1
Bxf5 22. Qe2 O-O 23. Rad1 b4 24. Na4 Rae8 25. Qxa6 e4 26. Rf1 Qg3 27. Nb6 e3 28.
Qe2 Be4 29. Rxf8+ Rxf8 30. Rf1 Rf2 0-1

[Event "AUTO-MASTER-3306"]
[Site "http://www.queenalice.com/game.php?id=1873745"]
[Date "2026.5.21"]
[Round "1"]
[White "attachui"]
[Black "chessman"]
[Result "0-1"]
[WhiteElo "2086"]
[BlackElo "2152"]

1. d4 d5 2. c4 c6 3. Nf3 e6 4. c5 Nf6 5. Bf4 Be7 6. e3 O-O 7. Bd3 Nbd7 8. O-O
Re8 9. Nc3 a6 10. Ne5 Nxe5 11. Bxe5 Nd7 12. Bg3 Nf6 13. Be5 h6 14. Rc1 Nd7 15.
Bg3 Bf6 0-1